Primeros historiadores de Puerto Rico 1492-1660

Saved in:
Bibliographic Details
Main Author: Huerga Teruelo, Álvaro (Author)
Format: Book
Language:Spanish
Published: Ponce Pontificia Universidad Católica de Puerto Rico 2004
Series:Historia Documental de Puerto Rico, XV
Subjects:
Tags: Add Tag
No Tags, Be the first to tag this record!

MARC

LEADER 00000nam a2200000 a 4500
001 UCI1741
003 CL-VaPUC
008 070713e20040000PR |||||||||||||||||spa|d
082 0 4 |a 907.202  |b HUE  |2 21 
100 |a Huerga Teruelo, Álvaro  |e author  |9 522433 
245 1 0 |a Primeros historiadores de Puerto Rico 1492-1660 
300 |a 349 p 
942 |c BK 
945 |d 20070713 00:00:00  |a jtorresc 
260 |a Ponce  |b Pontificia Universidad Católica de Puerto Rico  |c 2004 
650 0 |a Historiadores  |9 314498 
651 7 |a PUERTO RICO  |2 CL-VaPUC  |9 254988 
583 |a last modification  |c 20070713 00:00:00  |k Rodrigo Vera 
490 0 |a Historia Documental de Puerto Rico, XV 
999 |c 326494  |d 326492 
952 |0 0  |1 0  |4 0  |6 907_202000000000000_HUE_2004  |7 0  |8 A  |9 408411  |a BIBTEO  |b BIBTEO  |d 2019-11-22  |i 4175964  |o 907.202 HUE 2004  |p 4175964  |r 2025-01-17  |w 2019-11-22  |y BK  |k ICR